Educational technology / (Record no. 41275)

MARC details
000 -LEADER
fixed length control field 00620nam a22001937a 4500
005 - DATE AND TIME OF LATEST TRANSACTION
control field 20100812120628.0
010 ## - LCCN (DPL NO)
LC control number ENG-99812
020 ## - INTERNATIONAL STANDARD BOOK NUMBER
International Standard Book Number 9789350010808
Terms of availability 75.00
035 ## - SYSTEM CONTROL NUMBER
System control number EN-83344
037 ## - SOURCE OF ACQUISITION
Source of stock number/acquisition DBAD/PUB
082 ## - DEWEY DECIMAL CLASSIFICATION NUMBER
Classification number 371
100 ## - MAIN ENTRY--PERSONAL NAME
Personal name Ramamoorthy, P.
245 ## - TITLE STATEMENT
Title Educational technology /
Statement of responsibility, etc by P.Ramamoorthy
260 ## - PUBLICATION, DISTRIBUTION, ETC. (IMPRINT)
Place of publication, distribution, etc Tamilnadu
Name of publisher, distributor, etc Mercury Printers & Publishers
Date of publication, distribution, etc 2008
270 ## - ADDRESS
Address Perambalur
City Tamilnadu
Postal code 621212
300 ## - PHYSICAL DESCRIPTION
Extent 79p.
Dimensions 21cm (pbk)
942 ## - ADDED ENTRY ELEMENTS (KOHA)
Source of classification or shelving scheme Dewey Decimal Classification
Item type English Books
Classification part 371
Call number suffix RAM
Holdings
Withdrawn status Lost status Not for loan Collection code Home library Current library Date acquired Source of acquisition Cost, normal purchase price Full call number Barcode Copy number Cost, replacement price Koha item type
    Not For Loan Non-fiction D.B.Act.Division D.B.Act.Division 12/08/2010 DBAD/PUB 75.00 371 RAM EN-83344 1 75.00 English Books

© Delhi Public Library
Hit Counter
free hit counter